| 000 | 00746cam a2200289 a 4500 | ||
|---|---|---|---|
| 005 | 20260322212058.0 | ||
| 008 | data | ||
| 010 | _a 2011039928 | ||
| 020 | _a9780525952398 | ||
| 020 | _a052595239X | ||
| 040 |
_aDLC _cDLC _dDLC |
||
| 042 | _apcc | ||
| 043 | _an-us-ca | ||
| 050 | 0 | 0 |
_aPS3558.O333 _bD69 2012 |
| 082 | 0 | 0 |
_a813/.54 _223 |
| 099 | _aHOAGT | ||
| 100 | 1 | _aHoag, Tami. | |
| 245 | 1 | 0 |
_aDown the darkest road / _cTami Hoag. |
| 260 |
_aNew York : _bDutton, _cc2012. |
||
| 300 |
_aviii, 432 p. ; _c24 cm. |
||
| 650 | 0 |
_aAbduction _vFiction. |
|
| 650 | 0 |
_aMissing persons _vFiction. |
|
| 650 | 0 |
_aChildren _xCrimes against _vFiction. |
|
| 651 | 0 |
_aSanta Barbara (Calif.) _vFiction. |
|
| 655 | 7 |
_aSuspense fiction. _2gsafd |
|
| 001 | data | ||
| 999 |
_c1386 _d1386 |
||